00685 2200241 4500001002100000005001700021008004100038020001800079035002400097090002000121100001600141245010200157250001000259260002900269300001900298650003300317700002200350700001400372850001600386980001300402985000600415999002200421YOGYA-0209000006868320090227092958.0 ind  a979-168-098-5 0010-020900000068683 a813bTwa PlDEP aTWAIN, Mark aPetualangan Tom Sawyerbberburu harta karuncMark Twain ; penyunting, Floriberta Aning, Yogaswara aEd. 1 aYogyakartabNarasic2007 a412 hlmb19 cm aFiksi Indonesia - Terjemahan aAning, Floriberta aYogaswara aYOPDYOG (M) a3-3-2008 a1 aCB-D.11 2007-780h